00395 2200157 4500001002100000005001500021035002000036245004200056100002200098300001200120260003000132082000800162084001400170008004100184990001200225INLIS00000000000187320250515023728 a0010-05250001651 aKisah Wali Songo /cBaidlowi Syamsuri0 aBaidlowi Syamsuri a125 hlm aSurabaya :bApollo,c1995 a200 a200 BAI p250515 0  a0754807